000 00393nam a2200121Ia 4500
008 220615s9999||||xx |||||||||||||| ||und||
245 0 _aCurrent Topics in Hypothyroidism with Focus on Development
546 _aEnglish[eng]
650 _aEndocrinology
700 _aPotluková, Eliška
856 _uhttps://mts.intechopen.com/storage/books/3456/authors_book/authors_book.pdf
942 _cEB
999 _c15302
_d15302